[Event "Olympiad Women-39"]
[Site "Khanty-Mansiysk"]
[Date "2010.10.03"]
[Round "11.34"]
[White "Isayeva, Aynur"]
[Black "Pasku, Roela"]
[Result "1-0"]
[WhiteElo "2025"]
[BlackElo "1912"]
[PlyCount "93"]
[EventDate "2010.09.21"]
[EventType "team-swiss"]
[EventRounds "11"]
[EventCountry "RUS"]
[SourceTitle "CBM 139"]
[Source "ChessBase"]
[SourceDate "2010.11.18"]
[SourceVersion "1"]
[SourceVersionDate "2010.11.18"]
[SourceQuality "1"]
[WhiteTeam "Turkmenistan (W)"]
[BlackTeam "Albania (W)"]
[WhiteTeamCountry "TKM"]
[BlackTeamCountry "ALB"]

1. d4 Nf6 2. c4 g6 3. Nc3 Bg7 4. e4 d6 5. f3 0-0 6. Be3 Nc6 7. Nge2 e5 8. d5 Na5 9. b3 b6 10. Qd2 Nh5 11. g4 Nf4 12. h4 f5 13. gxf5 gxf5 14. Nxf4 exf4 15. Bd4 Bxd4 16. Qxd4 Qf6 17. Qxf6 Rxf6 18. Bd3 Nb7 19. Nb5 Rf7 20. exf5 Nc5 21. Bc2 Bxf5 22. Bxf5 Rxf5 23. Nxc7 Rd8 24. Kd2 Rd7 25. Nb5 Kf7 26. Rhg1 a6 27. Nd4 Rf6 28. Rg4 Re7 29. b4 Nd7 30. Nc6 Re3 31. Rag1 h6 32. Rg8 Nf8 33. R1g7+ Ke8 34. Ra7 Rg6 35. Ra8+ Kd7 36. Raxf8 Rxg8 37. Rxg8 Rxf3 38. Rf8 Rf2+ 39. Kd3 b5 40. cxb5 axb5 41. Ke4 Re2+ 42. Kf3 Rd2 43. Rf5 Rxa2 44. Kxf4 Rc2 45. Kg4 Rc4+ 46. Kh5 Re4 47. Rf7+ 1-0

[Event "Olympiad Women-39"]
[Site "Khanty-Mansiysk"]
[Date "2010.09.22"]
[Round "2.30"]
[White "Isayeva, Aynur"]
[Black "Monteiro, Sara Cristina da Si"]
[Result "0-1"]
[WhiteElo "2025"]
[BlackElo "1818"]
[PlyCount "40"]
[EventDate "2010.09.21"]
[EventType "team-swiss"]
[EventRounds "11"]
[EventCountry "RUS"]
[SourceTitle "CBM 139"]
[Source "ChessBase"]
[SourceDate "2010.11.18"]
[SourceVersion "1"]
[SourceVersionDate "2010.11.18"]
[SourceQuality "1"]
[WhiteTeam "Turkmenistan (W)"]
[BlackTeam "Portugal (W)"]
[WhiteTeamCountry "TKM"]
[BlackTeamCountry "POR"]

1. d4 Nf6 2. c4 e5 3. dxe5 Ng4 4. Nf3 Bc5 5. e3 Nc6 6. Be2 Ngxe5 7. Nbd2 0-0 8. 0-0 Qe7 9. a3 b6 10. b4 Bd6 11. Nd4 f5 12. Qb3 Kh8 13. Nxc6 dxc6 14. f4 Ng4 15. Bxg4 fxg4 16. Nb1 Bf5 17. Nc3 Rad8 18. Qa4 Bd3 19. Rf2 Bxf4 20. Nd1 Bxh2+ 0-1